Encuentro con la Biblia: ecos de un simple oír y ver la palabra

Gardado en:
Detalles Bibliográficos
Autor Principal: Castro Cubells, Carlos (Author)
Formato: Libro
Idioma:Lingua castelá
Publicado: Madrid Cristiandad 1977
Series:El Libro de Bolsillo Cristiandad, 42
Subjects:
Tags: Engadir etiqueta
Sen Etiquetas, Sexa o primeiro en etiquetar este rexistro!

MARC

LEADER 00000nam a2200000 a 4500
001 UCL1823
003 CL-VaPUC
008 030926e19770000SP |||||||||||||||||spa|d
020 |a 8470572199 
082 0 4 |a 220.7  |b CAS  |2 21 
100 0 |a Castro Cubells, Carlos  |e author  |9 478656 
245 1 0 |a Encuentro con la Biblia: ecos de un simple oír y ver la palabra 
300 |a 299 p 
942 |c BK 
945 |d 20030926 00:00:00  |a vberengu 
260 |a Madrid  |b Cristiandad  |c 1977 
650 0 |a Biblia  |9 257603 
650 0 |a Antiguo testamento   |9 313678 
650 0 |a Crítica e interpretación   |9 255042 
583 |a last modification  |c 20170628 01:12:39  |k Rodrigo Vera 
490 0 |a El Libro de Bolsillo Cristiandad, 42 
999 |c 305263  |d 305261 
952 |0 0  |1 2  |4 0  |6 220_700000000000000_CAS_1977  |7 0  |8 A  |9 368390  |a BIBTEO  |b BIBTEO  |d 2019-11-21  |i 2079151  |o 220.7 CAS 1977  |p 2079151  |r 2019-11-21  |w 2019-11-21  |x Descarte 2019  |y BK  |k ICR